[Event "VIE-chT"]
[Site "Hanoi"]
[Date "2023.04.22"]
[Round "7"]
[White "Dam, Quoc Bao"]
[Black "Hoang, Quoc Khanh"]
[Result "0-1"]
[WhiteElo "1335"]
[BlackElo "1733"]
[PlyCount "118"]
[EventDate "2023.04.18"]
[EventType "swiss"]
[EventRounds "9"]
[EventCountry "VIE"]
[SourceTitle "EXT 2024"]
[Source "ChessBase"]
[SourceDate "2023.10.10"]
[SourceVersion "1"]
[SourceVersionDate "2023.10.10"]
[SourceQuality "1"]

1. d4 e6 2. Bf4 c5 3. e3 Nf6 4. Nf3 Be7 5. c4 cxd4 6. exd4 0-0 7. Nc3 d5 8. c5 Nc6 9. Bb5 Bd7 10. 0-0 a6 11. Bxc6 Bxc6 12. Ne5 Nd7 13. Nxc6 bxc6 14. Qa4 Qc8 15. Rfe1 Bf6 16. Bd6 Re8 17. Re2 Nf8 18. Rae1 a5 19. Qd1 Bd8 20. a3 Bc7 21. Bxc7 Qxc7 22. b4 Reb8 23. Rb2 axb4 24. axb4 Nd7 25. Qc2 e5 26. dxe5 Nxe5 27. Qf5 Ng6 28. g3 Qc8 29. Qd3 h6 30. Qd4 Nf8 31. Ne2 Ne6 32. Qc3 Qd8 33. Qe5 Qf6 34. Qxf6 gxf6 35. Reb1 Rb7 36. f4 Rab8 37. f5 Nxc5 38. Rc2 Ne4 39. Rxc6 Rxb4 40. Rd1 Rd8 41. Nd4 Rc4 42. Rb6 Nc3 43. Rd3 Rxd4 44. Rxc3 Kg7 45. Rb7 Rd1+ 46. Kg2 Rd2+ 47. Kh3 Rf2 48. g4 Re8 49. Kg3 Rfe2 50. Rcc7 R8e3+ 51. Kf4 Re4+ 52. Kf3 R4e3+ 53. Kf4 d4 54. Rxf7+ Kg8 55. g5 Rf2+ 56. Kg4 Rg2+ 57. Kh4 Rd2 58. Kg4 h5+ 59. Kf4 Rf2# 0-1

[Event "VIE-ch U20"]
[Site "Ho Chi Minh City"]
[Date "2022.07.15"]
[Round "7"]
[White "Bui, Duc Huy"]
[Black "Hoang, Quoc Khanh"]
[Result "0-1"]
[WhiteElo "2257"]
[BlackElo "2249"]
[PlyCount "100"]
[EventDate "2022.07.11"]
[EventType "swiss"]
[EventRounds "9"]
[EventCountry "VIE"]
[SourceTitle "EXT 2023"]
[Source "ChessBase"]
[SourceDate "2022.10.05"]
[SourceVersion "1"]
[SourceVersionDate "2022.10.05"]
[SourceQuality "1"]

1. Nf3 Nf6 2. c4 e6 3. g3 b6 4. Bg2 Be7 5. Nc3 Bb7 6. 0-0 0-0 7. d4 Ne4 8. Qc2 Nxc3 9. bxc3 f5 10. Nd2 Bxg2 11. Kxg2 Qe8 12. f4 Nc6 13. e4 Qg6 14. e5 Na5 15. Qa4 Rfd8 16. Ba3 Bxa3 17. Qxa3 d6 18. exd6 cxd6 19. Rfe1 Rac8 20. Qb4 e5 21. fxe5 dxe5 22. c5 Rxc5 23. Nb3 Qc6+ 24. Kg1 Rxc3 25. Rac1 Rxc1 26. Rxc1 Rxd4 27. Qe7 Qd7 28. Qxe5 Nxb3 29. Qb8+ Kf7 30. Rc7 Nc5 31. Qxa7 Rd1+ 32. Kg2 Rd2+ 33. Kg1 Rd1+ 34. Kg2 Rd2+ 35. Kh3 g5 36. Rxd7+ Nxd7 37. Qa4 Nf6 38. g4 fxg4+ 39. Kg3 h5 40. h4 Rd3+ 41. Kg2 gxh4 42. Qa7+ Kg6 43. Qxb6 h3+ 44. Kg1 Rf3 45. Qb1+ Kg5 46. a4 g3 47. a5 Ng4 48. a6 Kh4 49. Qe1 h2+ 50. Kh1 Kh3 0-1

[Event "VIE-ch U20"]
[Site "Ho Chi Minh City"]
[Date "2022.07.14"]
[Round "5"]
[White "Hoang, Quoc Khanh"]
[Black "Le, Ngoc Hieu"]
[Result "1-0"]
[WhiteElo "2249"]
[BlackElo "2244"]
[PlyCount "103"]
[EventDate "2022.07.11"]
[EventType "swiss"]
[EventRounds "9"]
[EventCountry "VIE"]
[SourceTitle "EXT 2023"]
[Source "ChessBase"]
[SourceDate "2022.10.05"]
[SourceVersion "1"]
[SourceVersionDate "2022.10.05"]
[SourceQuality "1"]

1. d4 Nf6 2. Nf3 e6 3. g3 b6 4. Bg2 Bb7 5. 0-0 d6 6. b3 Nbd7 7. c4 Be7 8. Bb2 0-0 9. Nc3 Ne4 10. Qc2 Nxc3 11. Bxc3 f5 12. Ng5 Bxg5 13. Bxb7 Rb8 14. Bg2 Qe7 15. f4 Bf6 16. e4 fxe4 17. Bxe4 g6 18. Rae1 Qg7 19. Qb2 Nc5 20. Bc2 b5 21. cxb5 Rxb5 22. Qa1 Re8 23. Rf3 Nd7 24. Rfe3 Nf8 25. Bd3 Rbb8 26. Bc4 c5 27. dxc5 Bxc3 28. Qxc3 Qxc3 29. Rxc3 dxc5 30. Re5 Rbc8 31. Rc2 Rc7 32. Bb5 Rec8 33. Ba6 Rd8 34. Rexc5 Rd1+ 35. Bf1 Rcd7 36. Rc1 Rxc1 37. Rxc1 Kf7 38. a4 Rb7 39. Rc3 Ke7 40. Ba6 Rd7 41. b4 Rd1+ 42. Kf2 Kd6 43. Rd3+ Rxd3 44. Bxd3 Nd7 45. Kf3 Nf6 46. a5 Nd5 47. b5 Nc3 48. Kg4 e5 49. fxe5+ Kxe5 50. Kg5 Nd5 51. Kh6 Nf6 52. h4 1-0

[Event "VIE-ch U20"]
[Site "Ho Chi Minh City"]
[Date "2022.07.14"]
[Round "6"]
[White "Hoang, Quoc Khanh"]
[Black "Nguyen, Minh Dat"]
[Result "1-0"]
[WhiteElo "2249"]
[BlackElo "2250"]
[PlyCount "73"]
[EventDate "2022.07.11"]
[EventType "swiss"]
[EventRounds "9"]
[EventCountry "VIE"]
[SourceTitle "EXT 2023"]
[Source "ChessBase"]
[SourceDate "2022.10.05"]
[SourceVersion "1"]
[SourceVersionDate "2022.10.05"]
[SourceQuality "1"]

1. d4 d5 2. c4 c6 3. Nc3 Nf6 4. Nf3 e6 5. e3 Be7 6. Bd3 dxc4 7. Bxc4 b5 8. Bd3 Bb7 9. 0-0 a6 10. e4 c5 11. dxc5 Bxc5 12. e5 Nfd7 13. Ne4 0-0 14. Nxc5 Nxc5 15. Bxh7+ Kh8 16. Bc2 Qxd1 17. Rxd1 Bd5 18. Rd4 Kg8 19. Rh4 Rc8 20. Bh7+ Kf8 21. Be4 Nbd7 22. Bxd5 exd5 23. Bg5 f6 24. exf6 Nxf6 25. Bxf6 gxf6 26. Rd4 Na4 27. Rxd5 Nxb2 28. h4 Rd8 29. Rf5 Kg7 30. g4 Rd1+ 31. Rxd1 Nxd1 32. Rc5 Rd8 33. Rc7+ Kg8 34. h5 f5 35. g5 Rd3 36. Ne5 Rd5 37. Ng6 1-0

[Event "VIE-chT"]
[Site "Bac Giang"]
[Date "2020.06.10"]
[Round "8.15"]
[White "Duong, Thien Chuong"]
[Black "Hoang, Quoc Khanh"]
[Result "1/2-1/2"]
[WhiteElo "1971"]
[BlackElo "1650"]
[PlyCount "20"]
[EventDate "2020.06.06"]
[EventType "swiss"]
[EventRounds "9"]
[EventCountry "VIE"]
[SourceTitle "CBM 197 Extra"]
[Source "ChessBase"]
[SourceDate "2020.09.30"]
[SourceVersion "1"]
[SourceVersionDate "2020.09.30"]
[SourceQuality "1"]

1. d4 Nf6 2. c4 d5 3. cxd5 Nxd5 4. e4 Nf6 5. Nc3 c6 6. Nf3 Bg4 7. Bd3 e6 8. Be2 Nbd7 9. 0-0 Bb4 10. Qc2 0-0 1/2-1/2

[Event "VIE-chT"]
[Site "Bac Giang"]
[Date "2020.06.10"]
[Round "7.12"]
[White "Hoang, Quoc Khanh"]
[Black "Nguyen, Huynh Minh Huy"]
[Result "1/2-1/2"]
[WhiteElo "1650"]
[BlackElo "2416"]
[PlyCount "62"]
[EventDate "2020.06.06"]
[EventType "swiss"]
[EventRounds "9"]
[EventCountry "VIE"]
[SourceTitle "CBM 197 Extra"]
[Source "ChessBase"]
[SourceDate "2020.09.30"]
[SourceVersion "1"]
[SourceVersionDate "2020.09.30"]
[SourceQuality "1"]

1. Nf3 d5 2. d4 Nf6 3. c4 c6 4. g3 dxc4 5. Bg2 b5 6. Ne5 Bb7 7. a4 Qc8 8. 0-0 e6 9. b3 Nbd7 10. bxc4 Nxe5 11. dxe5 Nd7 12. cxb5 cxb5 13. Bxb7 Qxb7 14. axb5 Qxb5 15. Be3 Bc5 16. Na3 Bxa3 17. Rxa3 0-0 18. Qa4 Qb7 19. Rb3 Nb6 20. Qb5 Rab8 21. Rfb1 Qe4 22. Qd3 Qc6 23. Qa6 Qc7 24. Bxb6 axb6 25. Rxb6 Rxb6 26. Rxb6 Qxe5 27. Qb5 Qa1+ 28. Kg2 Qa8+ 29. Qc6 Qa2 30. Qb5 Qa7 31. Ra6 Qc7 1/2-1/2

[Event "VIE-chT"]
[Site "Bac Giang"]
[Date "2020.06.08"]
[Round "5.23"]
[White "Hoang, Quoc Khanh"]
[Black "Nguyen, Nghia Gia Binh"]
[Result "1-0"]
[WhiteElo "1650"]
[BlackElo "1387"]
[PlyCount "89"]
[EventDate "2020.06.06"]
[EventType "swiss"]
[EventRounds "9"]
[EventCountry "VIE"]
[SourceTitle "CBM 197 Extra"]
[Source "ChessBase"]
[SourceDate "2020.09.30"]
[SourceVersion "1"]
[SourceVersionDate "2020.09.30"]
[SourceQuality "1"]

1. Nf3 d5 2. g3 Nf6 3. Bg2 e6 4. 0-0 Be7 5. c4 0-0 6. b3 c5 7. Bb2 Nc6 8. d3 b6 9. Nbd2 Qc7 10. cxd5 exd5 11. Rc1 h6 12. Re1 Be6 13. Qc2 a5 14. a3 Rfc8 15. d4 Nd7 16. e4 Bf6 17. Ne5 dxe4 18. Qxe4 Ncxe5 19. dxe5 Be7 20. f4 g6 21. Nf1 a4 22. Ne3 Bxb3 23. f5 Kh7 24. Nd5 Qd8 25. e6 Nf6 26. Nxf6+ Bxf6 27. fxg6+ fxg6 28. Bxf6 Qxf6 29. Rf1 Qxe6 30. Qxe6 Bxe6 31. Bxa8 Rxa8 32. Rf6 Bb3 33. Rxb6 c4 34. Rb7+ Kh8 35. Rc7 Rg8 36. Kf2 Rf8+ 37. Ke3 Re8+ 38. Kd4 Kg8 39. Rf1 Rd8+ 40. Kc3 Rd3+ 41. Kb4 h5 42. Rf6 Rd8 43. Rxg6+ Kf8 44. Rh6 c3 45. Kxc3 1-0

[Event "VIE-ch U15"]
[Site "Hanoi"]
[Date "2020.??.??"]
[Round "6"]
[White "Tran, Quoc Phu"]
[Black "Hoang, Quoc Khanh"]
[Result "1/2-1/2"]
[WhiteElo "1819"]
[BlackElo "1650"]
[PlyCount "54"]
[EventDate "2020.10.22"]
[EventType "tourn"]
[EventRounds "7"]
[EventCountry "VIE"]
[SourceTitle "EXT 2022"]
[Source "ChessBase"]
[SourceDate "2021.10.06"]
[SourceVersion "1"]
[SourceVersionDate "2021.10.06"]
[SourceQuality "1"]

1. e4 g6 2. h4 h5 3. d4 Bg7 4. Be3 d6 5. c4 c6 6. Nc3 Nf6 7. f3 Nbd7 8. Qd2 Qc7 9. Bd3 a6 10. Nge2 0-0 11. 0-0 b5 12. cxb5 axb5 13. Rfc1 b4 14. Nd5 Nxd5 15. exd5 c5 16. dxc5 dxc5 17. Bb5 Qe5 18. Bxc5 Qxb2 19. Qxb2 Bxb2 20. Bxe7 Bxa1 21. Bxf8 Kxf8 22. Rxa1 Nb6 23. Bc6 Ra5 24. Rb1 Rxa2 25. Rxb4 Nxd5 26. Bxd5 Rxe2 27. Rb8 Re8 1/2-1/2

[Event "VIE-ch U13"]
[Site "Hai Phong"]
[Date "2018.07.10"]
[Round "6"]
[White "Tran, Quoc Phu"]
[Black "Hoang, Quoc Khanh"]
[Result "1/2-1/2"]
[WhiteElo "1849"]
[BlackElo "1852"]
[PlyCount "64"]
[EventDate "2018.07.07"]
[EventType "swiss"]
[EventRounds "9"]
[EventCountry "VIE"]
[SourceTitle "EXT 2019"]
[Source "ChessBase"]
[SourceDate "2018.10.10"]
[SourceVersion "1"]
[SourceVersionDate "2018.10.10"]
[SourceQuality "1"]

1. e4 g6 2. d4 Bg7 3. Nc3 d6 4. f4 Nf6 5. Nf3 c6 6. e5 dxe5 7. fxe5 Nd5 8. Nxd5 cxd5 9. c4 Nc6 10. Be2 Be6 11. c5 f6 12. exf6 exf6 13. Bf4 0-0 14. 0-0 Bf5 15. Re1 Qd7 16. Bd3 Bg4 17. Bb5 Rfe8 18. Rxe8+ Rxe8 19. h3 Bf5 20. Qb3 Qf7 21. Qa4 Qd7 22. Bf1 a6 23. Qd1 Be4 24. Qd2 g5 25. Bd6 Bxf3 26. gxf3 Qe6 27. Bg2 f5 28. Qxg5 Nxd4 29. f4 h6 30. Qh5 Rc8 31. Rd1 Kh7 32. Kh1 Rg8 1/2-1/2

[Event "VIE Cup"]
[Site "Bac Giang"]
[Date "2018.05.31"]
[Round "3"]
[White "Hoang, Quoc Khanh"]
[Black "Nguyen, Sinh Cung"]
[Result "1/2-1/2"]
[WhiteElo "1734"]
[BlackElo "1895"]
[PlyCount "65"]
[EventDate "2018.05.30"]
[EventType "swiss"]
[EventRounds "9"]
[EventCountry "VIE"]
[SourceTitle "CBM 184 Extra"]
[Source "ChessBase"]
[SourceDate "2018.06.28"]
[SourceVersion "1"]
[SourceVersionDate "2018.06.28"]
[SourceQuality "1"]

1. Nf3 d5 2. g3 Nf6 3. Bg2 Bf5 4. 0-0 e6 5. d4 Bd6 6. c4 c6 7. Nc3 0-0 8. b3 h6 9. Bb2 Nbd7 10. Re1 Ne4 11. Nd2 Nxd2 12. Qxd2 Bh7 13. e4 dxc4 14. bxc4 Bc7 15. Rad1 Nb6 16. Qe2 Qe7 17. c5 Nd7 18. e5 Rfd8 19. Ne4 Bxe4 20. Bxe4 Nf8 21. Bc3 Rd7 22. Rb1 Rb8 23. Rb2 Qd8 24. Reb1 Ba5 25. Bxa5 Qxa5 26. Qe3 Qc7 27. Kg2 Nh7 28. h4 Nf8 29. Rb3 Qc8 30. a4 Qc7 31. a5 a6 32. Bf3 Ng6 33. Be4 1/2-1/2

[Event "VIE-chT"]
[Site "Ho Chi Minh City"]
[Date "2017.07.28"]
[Round "7.44"]
[White "Tran, Duy Manh"]
[Black "Hoang, Quoc Khanh"]
[Result "0-1"]
[WhiteElo "2012"]
[BlackElo "2038"]
[PlyCount "92"]
[EventDate "2017.07.24"]
[EventType "team-swiss"]
[EventRounds "9"]
[EventCountry "VIE"]
[SourceTitle "EXT 2019"]
[Source "ChessBase"]
[SourceDate "2018.10.10"]
[SourceVersion "1"]
[SourceVersionDate "2018.10.10"]
[SourceQuality "1"]

1. c4 c6 2. b3 d5 3. cxd5 cxd5 4. Nf3 Nc6 5. Bb2 Bf5 6. a3 a5 7. e3 e6 8. Bb5 Qb6 9. Qe2 Nf6 10. Nc3 Bd6 11. Na4 Qd8 12. Nd4 0-0 13. Bxc6 bxc6 14. Nxc6 Qc7 15. Nd4 Bg6 16. Nb5 Qe7 17. 0-0 Rab8 18. Rfc1 Rfc8 19. f4 Ne4 20. Qd3 Ng3 21. Rxc8+ Rxc8 22. Nxd6 Bxd3 23. Nxc8 Ne2+ 24. Kh1 Qc7 25. Ncb6 h6 26. Be5 Qc2 27. b4 axb4 28. axb4 Qxd2 29. Nc5 Qxe3 30. Nbd7 f6 31. Bd6 Bb5 32. h4 Bxd7 33. Nxd7 Ng3+ 34. Kh2 Nf5 35. Bc5 Qxf4+ 36. Kg1 Nxh4 37. Rf1 Qe4 38. Rf2 Qe1+ 39. Kh2 d4 40. Ra2 d3 41. Ra8+ Kf7 42. Ra7 Kg6 43. Nf8+ Kf5 44. Rxg7 d2 45. g4+ Kf4 46. Bd6+ Kf3 0-1

[Event "VIE-ch"]
[Site "Bac Giang"]
[Date "2016.06.28"]
[Round "9"]
[White "Le, Thi Nhu Quynh"]
[Black "Hoang, Quoc Khanh"]
[Result "0-1"]
[WhiteElo "1784"]
[BlackElo "1931"]
[PlyCount "66"]
[EventDate "2016.06.22"]
[EventType "swiss"]
[EventRounds "9"]
[EventCountry "VIE"]
[SourceTitle "EXT 2017"]
[Source "ChessBase"]
[SourceDate "2016.10.25"]
[SourceVersion "1"]
[SourceVersionDate "2016.10.25"]
[SourceQuality "1"]

1. d4 d5 2. Nf3 Nf6 3. g3 g6 4. Bg2 Bg7 5. 0-0 0-0 6. Re1 Nbd7 7. Nbd2 b6 8. c4 e6 9. cxd5 exd5 10. Nb3 Bb7 11. Bf4 Re8 12. Rc1 c6 13. Nbd2 Rc8 14. b4 Ne4 15. Nxe4 dxe4 16. Ng5 Nf6 17. Be5 Qd5 18. Qc2 c5 19. bxc5 bxc5 20. Bxf6 Bxf6 21. Nxe4 Rxe4 22. Bxe4 Qxe4 23. Qxe4 Bxe4 24. dxc5 Be7 25. Rc4 Bd5 26. Ra4 Bxc5 27. e3 Bb6 28. h4 Kg7 29. Rd1 Be6 30. Rd2 h5 31. Kg2 Rc4 32. Ra3 Bc5 33. Ra6 Bc8 0-1

[Event "VIE-ch"]
[Site "Bac Giang"]
[Date "2016.06.24"]
[Round "5"]
[White "Le, Minh Kha"]
[Black "Hoang, Quoc Khanh"]
[Result "1-0"]
[WhiteElo "1916"]
[BlackElo "1931"]
[PlyCount "83"]
[EventDate "2016.06.22"]
[EventType "swiss"]
[EventRounds "9"]
[EventCountry "VIE"]
[SourceTitle "EXT 2017"]
[Source "ChessBase"]
[SourceDate "2016.10.25"]
[SourceVersion "1"]
[SourceVersionDate "2016.10.25"]
[SourceQuality "1"]

1. d4 d5 2. c4 c6 3. Nc3 e6 4. Nf3 Nf6 5. e3 Nbd7 6. Bd3 Bd6 7. c5 Bc7 8. 0-0 0-0 9. Bd2 b6 10. b4 a5 11. a3 axb4 12. axb4 Bb7 13. Qc2 b5 14. Qb2 Qe7 15. Rfc1 Rfb8 16. Rxa8 Rxa8 17. Ra1 Qd8 18. h3 h6 19. Nh2 Qb8 20. f4 Ne8 21. Nf3 f5 22. Ne5 Nef6 23. Kh2 Nxe5 24. dxe5 Ne4 25. Bxe4 fxe4 26. Ne2 Kf7 27. Nd4 Rxa1 28. Qxa1 Qa8 29. Qxa8 Bxa8 30. g4 g6 31. Kg3 g5 32. h4 Bd8 33. h5 Bc7 34. Bc3 Bd8 35. f5 exf5 36. gxf5 Bc7 37. Ne6 Bb8 38. Kg4 Ke7 39. Bd4 Kf7 40. Nxg5+ hxg5 41. Kxg5 Bb7 42. e6+ 1-0